El pensamiento visual.

Guardat en:
Dades bibliogràfiques
Autor principal: Arnheim, Rudolf (autor)
Format: Llibre
Idioma:espanyol
Publicat: Barcelona, España: Ediciones Paidós, 1986.
Edició:1a. edición.
Col·lecció:Paidós Estética,
Matèries:
Etiquetes: Afegir etiqueta
Sense etiquetes, Sigues el primer a etiquetar aquest registre!

MARC

LEADER 00000nam a2200000 a 4500
001 UCW6984
003 CL-VaPUC
005 20250321101904.0
008 920803t19860000SP |||||||||||||||||spa|d
999 |c 219877  |d 219875 
020 |a 84-7509-377-9 
040 |c Pontificia Universidad Católica de Valparaíso 
082 0 4 |a 153.42 ARN 1986  |2 21 
100 |a Arnheim, Rudolf  |e autor  |9 303937 
245 1 3 |a El pensamiento visual. 
250 |a 1a. edición. 
260 |a Barcelona, España:  |b Ediciones Paidós,  |c 1986. 
300 |a 363 páginas:  |b ilustraciones. 
490 0 |a Paidós Estética,   |n  7. 
500 |a c.4-5: Instituto Arcos. 08-01-2025 
583 |a last modification  |c 19920803 00:00:00  |k Rodrigo Vera 
650 0 |a Percepción visual  |9 267039  |x Cognición  |v Aspectos artísticos y filosóficos  
650 0 |a Psicología del arte  |9 265264  |x Razonamiento (Filosofía) 
942 |c BK  |2 ddc  |n 0 
945 |d 19920803 00:00:00  |a aalvarez 
952 |0 0  |1 0  |4 0  |6 153_420000000000000_ARN_1986  |7 0  |8 A  |9 211366  |a BIBEDU  |b BIBEDU  |d 2019-11-15  |i 2795590  |o 153.42 ARN 1986  |p 2795590  |r 2019-11-15  |w 2019-11-15  |y BK  |k EDU 
952 |0 0  |1 0  |4 0  |6 153_420000000000000_ARN_1986  |7 0  |8 A  |9 211367  |a BIBEDU  |b BIBEDU  |d 2019-11-15  |i 2795604  |o 153.42 ARN 1986  |p 2795604  |r 2019-11-15  |w 2019-11-15  |y BK  |k EDU 
952 |0 0  |1 0  |4 0  |6 153_420000000000000_ARN_1986  |7 0  |8 A  |9 211368  |a BIBARQ  |b BIBARQ  |d 2019-11-15  |i 3017427  |l 2  |m 1  |o 153.42 ARN 1986  |p 3017427  |r 2025-01-20  |s 2024-04-26  |w 2019-11-15  |y BK  |k ARQ 
952 |0 0  |1 0  |2 ddc  |4 0  |6 153_420000000000000_ARN_1986  |7 0  |8 A  |9 600156  |a BIBINC  |b BIBINC  |d 2025-01-30  |e Instituto Arcos  |i 5665025  |o 153.42 ARN 1986  |p 5665025  |r 2025-01-30  |t 4  |w 2025-01-30  |y BK  |k IFP 
952 |0 0  |1 0  |2 ddc  |4 0  |6 153_420000000000000_ARN_1986  |7 0  |8 A  |9 600157  |a BIBINC  |b BIBINC  |d 2025-01-30  |e Instituto Arcos  |i 5665026  |o 153.42 ARN 1986  |p 5665026  |r 2025-01-30  |t 5  |w 2025-01-30  |y BK  |k IFP